[Event "British Chess Championships 2023: AM Tournament U1900"]
[Site "The Venue, De Montfort University, 20 Western Boulevard, Leicester, LE2 7BU"]
[Date "2023.07.26"]
[Round "3"]
[Board "12"]
[White "Betts, Richard"]
[Black "Schmerwitz, Reinhard"]
[Result "1/2-1/2"]
[WhiteElo "1831"]
[BlackElo "1683"]
[PlyCount "0"]
[EventDate "2023.07.24"]
[EventRounds "6"]
[EventCountry "ENG"]

1. d4 Nf6 2. c4 e6 3. Nf3 d5 4. Nc3 Bb4 5. Bg5 h6 6. Bxf6 Qxf6 7. e3 O-O 8. Qc2 c6
9. Bd3 Qd8 10. O-O b6 11. Rfd1 Bb7 12. Rac1 Nd7 13. a3 Be7 14. cxd5 cxd5 15. Qe2
a6 16. Rd2 b5 17. Rdc2 Nb6 18. Ne5 Nc4 19. f4 Bd6 20. Rf1 Rc8 21. Rf3 Nxb2 22. Nxb5
axb5 23. Rxb2 Bxa3 24. Rxb5 Rc1+ 25. Rf1 Rxf1+ 26. Qxf1 Ba6 27. Ng4  1/2-1/2

[Event "British Chess Championships 2023: AM Tournament U1900"]
[Site "The Venue, De Montfort University, 20 Western Boulevard, Leicester, LE2 7BU"]
[Date "2023.07.26"]
[Round "3"]
[Board "13"]
[White "Morris, Simon"]
[Black "Page, Martin C"]
[Result "0-1"]
[WhiteElo "1604"]
[BlackElo "1821"]
[PlyCount "0"]
[EventDate "2023.07.24"]
[EventRounds "6"]
[EventCountry "ENG"]

1. e4 e6 2. d4 d5 3. Nd2 c5 4. Ngf3 Nc6 5. exd5 exd5 6. Bb5 Nf6 7. O-O Be7 8. Ne5
Qb6 9. Nxc6 bxc6 10. Be2 O-O 11. dxc5 Bxc5 12. Nb3 Bf5 13. Nxc5 Qxc5 14. c3 Rfe8
15. Be3 Rxe3 16. fxe3 Qxe3+ 17. Kh1 Re8 18. Bf3 Ne4 19. Qe1 Qb6 20. Bxe4 Bxe4 21.
Qf2 Qb7 22. Rae1 f6 23. Re3 Re5 24. Rg3 Rf5 25. Qe1 Rxf1+ 26. Qxf1 Qxb2 27. h3 Qxa2
28. Qxf6  0-1

[Event "British Chess Championships 2023: AM Tournament U1900"]
[Site "The Venue, De Montfort University, 20 Western Boulevard, Leicester, LE2 7BU"]
[Date "2023.07.26"]
[Round "3"]
[Board "14"]
[White "Dean, Robert A"]
[Black "Kumar, Sachin"]
[Result "1-0"]
[WhiteElo "1820"]
[BlackElo "1613"]
[PlyCount "0"]
[EventDate "2023.07.24"]
[EventRounds "6"]
[EventCountry "ENG"]

1. e4 c5 2. f4 e6 3. Nf3 d5 4. exd5 exd5 5. Bb5+ Bd7 6. Bxd7+ Nxd7 7. O-O Be7 8.
Nc3 Ngf6 9. d3 O-O 10. Qe1 Re8 11. Qg3 Nf8 12. Ne5 Ng6 13. Bd2 a6 14. Rae1 Bd6 15.
Nxg6 fxg6 16. Qf3 Be7 17. f5 gxf5 18. Qxf5 Kh8 19. Re6 d4 20. Ne4 Nxe4 21. Qxe4 Bf6
22. Rxe8+ Qxe8 23. Qxb7 Qc8 24. Qd5 Rb8 25. b3 Rb7 26. Re1 Rd7 27. Qe6 Rd8 28. Qxc8
Rxc8 29. Re6 Ra8 30. Rc6 Be7 31. Bf4 Kg8 32. Bd6 Bxd6 33. Rxd6 Rc8 34. Rxa6 Rc7 35.
Re6 Kf7 36. Re4 Kf6 37. a4 g6 38. Re8 Ra7 39. Rb8 Ke5 40. Rb5 Kd6 41. a5 Kc6 42.
Rb6+ Kc7 43. b4 cxb4 44. Rxb4 Rxa5 45. Rxd4 Rf5 46. g3 g5 47. Kg2 h5 48. g4 hxg4
49. Rxg4 Kd6 50. Ra4 Rb5 51. Rc4 Kd5 52. Rg4 Ke6 53. Re4+ Kf5 54. Kg3 Ra5 55. Rc4
Rd5 56. Kf3 Kf6 57. d4 Rf5+ 58. Kg3 Rd5 59. Rc6+ Kg7 60. c3 Rd7 61. Kg4 Rd5 62. Rc5
Rd7 63. Kxg5 Kh7 64. Kf6 Ra7 65. d5 Ra2 66. h4 Rf2+ 67. Ke6 Kg6 68. d6 Rf6+ 69. Kd5
Kf7 70. Rc7+ Ke8 71. c4 Kd8 72. c5 Rf5+ 73. Kc6 Rf6 74. Rh7 Rf8 75. Ra7  1-0

[Event "British Chess Championships 2023: AM Tournament U1900"]
[Site "The Venue, De Montfort University, 20 Western Boulevard, Leicester, LE2 7BU"]
[Date "2023.07.26"]
[Round "3"]
[Board "15"]
[White "Livesey, R Nigel"]
[Black "Crompton, Robert"]
[Result "1/2-1/2"]
[WhiteElo "1811"]
[BlackElo "1662"]
[PlyCount "0"]
[EventDate "2023.07.24"]
[EventRounds "6"]
[EventCountry "ENG"]

1. c4 e5 2. g3 Nf6 3. Bg2 c6 4. d4 e4 5. e3 d5 6. cxd5 cxd5 7. Ne2 Nc6 8. a3 Bd6
9. Nbc3 O-O 10. O-O Na5 11. b3 Bg4 12. h3 Bh5 13. Bd2 Nc6 14. b4 Rc8 15. Rc1 Qd7
16. Qb3 Ne7 17. Rc2 Bb8 18. Rfc1 g5 19. Be1 Bf3 20. Kf1 h5 21. Ng1 g4 22. h4 Qe6
23. a4 Rc7 24. Nge2 Ng6 25. b5 Kh7 26. Na2 Rxc2 27. Rxc2 Bxe2+ 28. Rxe2 Rc8 29. Rc2
Rxc2 30. Qxc2 Qd7 31. Bb4 Qc7 32. Qxc7 Bxc7 33. Nc3 Kg7 34. Ke1 Bd8 35. Kd1 Be7 36.
Bxe7 Nxe7 37. Kc2 Kf8 38. Kb3 Ke8 39. Kb4 Kd7 40. Bf1 Kd6 41. Be2 Nc8 42. Bd1 Ne7
43. Bb3 b6 44. a5 Kc7 45. a6 Kd6 46. Ka3  1/2-1/2

[Event "British Chess Championships 2023: AM Tournament U1900"]
[Site "The Venue, De Montfort University, 20 Western Boulevard, Leicester, LE2 7BU"]
[Date "2023.07.26"]
[Round "3"]
[Board "16"]
[White "Murrell, Mark R A"]
[Black "Mckenna, Joshua"]
[Result "1-0"]
[WhiteElo "1800"]
[BlackElo "1600"]
[PlyCount "0"]
[EventDate "2023.07.24"]
[EventRounds "6"]
[EventCountry "ENG"]

1. d4 d5 2. e3 Nf6 3. Bd3 c5 4. c3 Nbd7 5. f4 e6 6. Nf3 Bd6 7. O-O O-O 8. Nbd2 Qc7
9. Ne5 b6 10. Ndf3 a5 11. Qe2 Ne4 12. Bxe4 dxe4 13. Ng5 f6 14. Nxe6 Qb8 15. Qg4 Rf7
16. Nxf7 Kxf7 17. d5 g6 18. Nd8+ Kg7 19. c4 Ne5 20. Ne6+ Bxe6 21. Qxe6 Nf7 22. Qxe4
f5 23. Qf3 Qe8 24. b3 Kg8 25. g4 Nh6 26. g5 Nf7 27. Bb2 Qe7 28. Bf6 Qe8 29. Rae1
Be7 30. e4 Bxf6 31. gxf6 fxe4 32. Rxe4 Qd8 33. Re7 Qf8 34. Rfe1 Nd6 35. Qh3 h5 36.
Qe6+ Nf7 37. Qxb6  1-0

[Event "British Chess Championships 2023: AM Tournament U1900"]
[Site "The Venue, De Montfort University, 20 Western Boulevard, Leicester, LE2 7BU"]
[Date "2023.07.26"]
[Round "3"]
[Board "17"]
[White "Kumar, Arnav"]
[Black "Judd, Ian P"]
[Result "1/2-1/2"]
[WhiteElo "1649"]
[BlackElo "1780"]
[PlyCount "0"]
[EventDate "2023.07.24"]
[EventRounds "6"]
[EventCountry "ENG"]

1. e4 d6 2. d4 Nf6 3. Nc3 g6 4. Nf3 Bg7 5. Be2 O-O 6. O-O Bg4 7. Be3 c6 8. Nd2 Bxe2
9. Qxe2 b5 10. a3 a6 11. Rad1 Qc7 12. f4 e5 13. dxe5 dxe5 14. f5 Nbd7 15. Nb3 Rfd8
16. Bg5 h6 17. Bxf6 Qa7+ 18. Kh1 Nxf6 19. fxg6 fxg6 20. h3 Nh5 21. Rxd8+ Rxd8 22.
Qg4 Kh7 23. Kh2 a5 24. Qe2 a4 25. Nc1 Nf4 26. Qf2 Qxf2  1/2-1/2

[Event "British Chess Championships 2023: AM Tournament U1900"]
[Site "The Venue, De Montfort University, 20 Western Boulevard, Leicester, LE2 7BU"]
[Date "2023.07.26"]
[Round "3"]
[Board "18"]
[White "Di-Vetta, Andrew"]
[Black "Nargund, Sujan"]
[Result "0-1"]
[WhiteElo "1776"]
[BlackElo "1564"]
[PlyCount "0"]
[EventDate "2023.07.24"]
[EventRounds "6"]
[EventCountry "ENG"]

1. e4 c5 2. Nf3 Nc6 3. d3 g6 4. Nbd2 Bg7 5. c3 e6 6. g3 Nge7 7. Bg2 O-O 8. O-O d5
9. Re1 Qd7 10. e5 Qc7 11. Qe2 b6 12. Nf1 Ba6 13. Bf4 h6 14. h4 Rfd8 15. N1h2 h5 16.
g4 hxg4 17. Nxg4 Nf5 18. Bg5 Rd7 19. Nf6+ Bxf6 20. Bxf6 Qc8 21. Qd2 Qf8 22. h5 Qh6
23. Qc2 gxh5 24. Qa4 Bb7 25. Kh2 d4 26. Ng5 Rc8 27. f4 dxc3 28. bxc3 Rxd3 29. Bxc6
Bxc6 30. Qxa7 Rd2+ 31. Kg1 Rg2+  0-1

[Event "British Chess Championships 2023: AM Tournament U1900"]
[Site "The Venue, De Montfort University, 20 Western Boulevard, Leicester, LE2 7BU"]
[Date "2023.07.26"]
[Round "3"]
[Board "19"]
[White "Whittington, Reece W"]
[Black "Rao, Shree"]
[Result "1-0"]
[WhiteElo "1766"]
[BlackElo "1599"]
[PlyCount "0"]
[EventDate "2023.07.24"]
[EventRounds "6"]
[EventCountry "ENG"]

1. d4 Nf6 2. c4 g6 3. Nc3 d5 4. Nf3 Bg7 5. e3 O-O 6. Qc2 Bf5 7. Qb3 b6 8. cxd5 Qd7
9. Ne5 Qd8 10. Bc4 Ne4 11. Nxe4 Bxe4 12. f3 Bf5 13. e4 Bc8 14. O-O Nd7 15. Nc6 Qe8
16. Bg5 Kh8 17. Bxe7 Bxd4+ 18. Kh1 Rg8 19. Nxd4 Qxe7 20. Qc3 Rg7 21. Rad1 Bb7 22.
Nc6 Bxc6 23. dxc6 Ne5 24. Bb3 f6 25. Rd5 Qe8 26. f4 Nxc6 27. Ba4 Qxe4 28. Bxc6 Rf8
29. Rd8 Qe7 30. Rxf8+ Qxf8 31. Re1 Re7 32. h3 Kg7 33. Rxe7+ Qxe7 34. Qd4 Qd6 35.
Qxd6 cxd6 36. Kg1 Kf7 37. Bd5+ Ke7 38. Kf2 g5 39. f5 h6 40. g4 a5 41. a4 Kd7 42.
Ke3 Ke7 43. Kd4 Kd7 44. Bf3 Ke7 45. Kd5 Kd7 46. Be2 Ke7 47. Bb5  1-0

[Event "British Chess Championships 2023: AM Tournament U1900"]
[Site "The Venue, De Montfort University, 20 Western Boulevard, Leicester, LE2 7BU"]
[Date "2023.07.26"]
[Round "3"]
[Board "20"]
[White "Gonzales, Ceferino"]
[Black "Hollyman, Mike"]
[Result "1-0"]
[WhiteElo "1758"]
[BlackElo "1555"]
[PlyCount "0"]
[EventDate "2023.07.24"]
[EventRounds "6"]
[EventCountry "ENG"]

1. c4 Nf6 2. Nc3 e6 3. e4 d5 4. e5 Nfd7 5. cxd5 exd5 6. d4 Nb6 7. Nf3 h6 8. a3 Bf5
9. Bd3 Bxd3 10. Qxd3 c5 11. O-O cxd4 12. Nxd4 Be7 13. e6 O-O 14. exf7+ Rxf7 15. Ne6
Qd6 16. Re1 Rf6 17. Nb5 Rxe6 18. Rxe6 Qxe6 19. Nc7 Qe1+ 20. Qf1 Qxf1+ 21. Kxf1 Nc6
22. Nxa8 Nxa8 23. Bf4 Bf6 24. Re1 Nb6 25. b3 Kf7 26. Bc7 Nd7 27. b4 Be5 28. Bxe5
Ncxe5 29. f4 Nc4 30. Ra1 Nf6 31. Ke2 Ne4 32. g4 Kf6 33. a4 g5 34. f5 Ke5 35. a5 Kf4
36. Rf1+ Ke5 37. Ra1 Kd4 38. Rf1 Nf6 39. h3 Kc3 40. b5 d4 41. Rc1+ Kb4 42. Kd3 Nxa5
43. Rc8 Kxb5 44. Rh8 Kc5 45. Rxh6 Nd5 46. f6 Kd6 47. Kxd4 Ke6 48. f7+ Kxf7 49. Kxd5
Nc6 50. Rh7+ Kf6 51. Rxb7 Ne7+ 52. Kc5 Ng6 53. Rxa7 Nf4 54. Ra3 Ng6 55. Rf3+ Nf4
56. Kd4 Kg6 57. Rxf4 gxf4 58. Ke4 Kg5 59. Kf3  1-0

[Event "British Chess Championships 2023: AM Tournament U1900"]
[Site "The Venue, De Montfort University, 20 Western Boulevard, Leicester, LE2 7BU"]
[Date "2023.07.26"]
[Round "3"]
[Board "21"]
[White "Smithson, Sean"]
[Black "Berkley, Stephen W"]
[Result "0-1"]
[WhiteElo "1301"]
[BlackElo "1742"]
[PlyCount "0"]
[EventDate "2023.07.24"]
[EventRounds "6"]
[EventCountry "ENG"]

1. e4 e6 2. d4 d5 3. e5 c5 4. c3 Nc6 5. Be3 cxd4 6. cxd4 Qb6 7. Qd2 Nge7 8. Nf3 Nf5
9. Be2 Nxe3 10. fxe3 Be7 11. O-O O-O 12. Nc3 f6 13. exf6 Bxf6 14. Na4 Qb4 15. Nc5
Qxd2 16. Nxd2 Nxd4 17. Bg4 b6 18. Na4 Nc2 19. Rxf6 Rxf6 20. Rc1 Nxe3 21. Bh3 Bd7
22. Nc3 Rc8 23. Re1 Nf5 24. g4 Ne7 25. g5 Rf5 26. Bxf5 Nxf5 27. Nf3 d4 28. Ne4 Rc2
29. Ne5 Bb5 30. Rd1 Kf8 31. h4 Re2 32. g6 h6 33. Nd6 Nxd6 34. Rxd4 Rxe5 35. Rxd6
Ke7 36. Rd2 Re2 37. Rxe2 Bxe2 38. Kf2 Bh5 39. Ke3 Bxg6 40. a3 Kd6 41. b4 e5  0-1

[Event "British Chess Championships 2023: AM Tournament U1900"]
[Site "The Venue, De Montfort University, 20 Western Boulevard, Leicester, LE2 7BU"]
[Date "2023.07.26"]
[Round "3"]
[Board "22"]
[White "Yi, Louis"]
[Black "Willoughby, Christopher"]
[Result "0-1"]
[WhiteElo "1443"]
[BlackElo "1794"]
[PlyCount "0"]
[EventDate "2023.07.24"]
[EventRounds "6"]
[EventCountry "ENG"]

1. e4 e5 2. Nf3 Nc6 3. Bc4 Bc5 4. d3 d6 5. c3 Nf6 6. h3 h6 7. Nbd2 Ne7 8. O-O O-O
9. Re1 Ng6 10. Nf1 Nf4 11. Ng3 a6 12. d4 Ba7 13. dxe5 dxe5 14. Nxe5 Qxd1 15. Rxd1
Ne6 16. Kh1 Bxf2 17. Nf5 Nxe4 18. Ne7+ Kh7 19. Nxc8 Raxc8 20. Ng4 Kh8 21. Be3 Bxe3
22. Nxe3 Nf2+ 23. Kg1 Nxd1 24. Rxd1 Rcd8 25. Rf1 c6 26. Ng4 Kg8 27. Ne5 Rd6 28. Bb3
Nd8 29. Nc4 Re6 30. Nb6 Re2 31. Nc8 Rfe8 32. Nd6 R8e7 33. Nc8 Rd7 34. Bd1 Rxb2 35.
Re1 Ne6 36. Bb3 Rdd2 37. Bxe6 fxe6 38. Rxe6 Rxg2+ 39. Kf1 Rgf2+ 40. Ke1 Rh2 41. Re8+
Kh7  0-1

[Event "British Chess Championships 2023: AM Tournament U1900"]
[Site "The Venue, De Montfort University, 20 Western Boulevard, Leicester, LE2 7BU"]
[Date "2023.07.26"]
[Round "3"]
[Board "23"]
[White "Zigmond, Andrew"]
[Black "Coleman, Frederick"]
[Result "0-1"]
[WhiteElo "1647"]
[BlackElo "1850"]
[PlyCount "0"]
[EventDate "2023.07.24"]
[EventRounds "6"]
[EventCountry "ENG"]

1. e4 c5 2. Nf3 Nc6 3. d4 cxd4 4. Nxd4 g6 5. Be3 Bg7 6. Nc3 Nf6 7. Be2 O-O 8. Qd2
d5 9. Nxc6 bxc6 10. exd5 cxd5 11. O-O-O e6 12. Bc5 Re8 13. Bb5 Bd7 14. Bxd7 Qxd7
15. Be3 Qb7 16. Bh6 Ne4 17. Qe3 Bxh6 18. Qxh6 Nxf2 19. h4 Nxh1 20. Rxh1 f6 21. h5
Qg7 22. Qe3 g5 23. Nb5 Qd7 24. Nd4 e5 25. Nf3 h6 26. Rd1 Rad8 27. Nd2 f5 28. Nc4
Qe6 29. Na3 d4 30. Qb3 Qxb3 31. axb3 Kg7 32. Nb5 Re7 33. c3 a6 34. Na3 d3 35. c4
e4 36. Nb1 e3  0-1

[Event "British Chess Championships 2023: AM Tournament U1900"]
[Site "The Venue, De Montfort University, 20 Western Boulevard, Leicester, LE2 7BU"]
[Date "2023.07.26"]
[Round "3"]
[Board "24"]
[White "Colclough, Ryan"]
[Black "Homer, Neil S"]
[Result "1-0"]
[WhiteElo "1795"]
[BlackElo "1648"]
[PlyCount "0"]
[EventDate "2023.07.24"]
[EventRounds "6"]
[EventCountry "ENG"]

1. e4 c6 2. d4 d5 3. Nc3 dxe4 4. Nxe4 Bf5 5. Ng3 Bg6 6. h4 h6 7. Nf3 Nd7 8. h5 Bh7
9. Bd3 Bxd3 10. Qxd3 e6 11. Bd2 Ngf6 12. O-O-O Be7 13. Ne4 Nxe4 14. Qxe4 Nf6 15.
Qd3 Qb6 16. Kb1 O-O-O 17. c4 c5 18. Be3 cxd4 19. Bxd4 Bc5 20. a3 Bxd4 21. Nxd4 Qc5
22. Qe3 Qg5 23. Qf3 Qg4 24. Qxg4 Nxg4 25. Rh4 Nf6 26. Kc2 a6 27. b4 Rd7 28. Kc3 Rhd8
29. Rd2 e5 30. Nb3 e4 31. Rxd7 Rxd7 32. Nc5 Re7 33. Kd4 Re8 34. Nxe4 Rd8+ 35. Kc3
Nxe4+ 36. Rxe4 Rd1 37. Re7 Rg1 38. g3 Rh1 39. g4 Rh3+ 40. Re3 Rh2 41. f3 f5 42. a4
fxg4 43. fxg4 Rg2 44. Re4 Rg3+ 45. Kd4 Ra3 46. a5 Kd7 47. Kc5 Rb3 48. Rf4 Ke7 49.
Rd4 Rb2 50. b5 axb5 51. cxb5  1-0

[Event "British Chess Championships 2023: AM Tournament U1900"]
[Site "The Venue, De Montfort University, 20 Western Boulevard, Leicester, LE2 7BU"]
[Date "2023.07.26"]
[Round "3"]
[Board "25"]
[White "O'gorman, Brendan"]
[Black "Veeturi, Yashvardhan"]
[Result "0-1"]
[WhiteElo "1779"]
[BlackElo "1361"]
[PlyCount "0"]
[EventDate "2023.07.24"]
[EventRounds "6"]
[EventCountry "ENG"]

1. e4 c6 2. Nf3 d5 3. d3 dxe4 4. Ng5 exd3 5. Bxd3 Nd7 6. Bc4 e6 7. Qe2 Nb6 8. Bb3
Nf6 9. O-O h6 10. Nf3 Be7 11. Nc3 O-O 12. Bf4 Nbd5 13. Nxd5 exd5 14. Rfe1 Re8 15.
Qd3 Ne4 16. Rxe4 dxe4 17. Qxe4 Bd6 18. Qg6 Be6 19. Bxe6 Rxe6 20. Qg3 Rg6  0-1

[Event "British Chess Championships 2023: AM Tournament U1900"]
[Site "The Venue, De Montfort University, 20 Western Boulevard, Leicester, LE2 7BU"]
[Date "2023.07.26"]
[Round "3"]
[Board "26"]
[White "Hayes, Solomon"]
[Black "Smith, Andrew Pe"]
[Result "0-1"]
[WhiteElo "1613"]
[BlackElo "1761"]
[PlyCount "0"]
[EventDate "2023.07.24"]
[EventRounds "6"]
[EventCountry "ENG"]

1. e4 Nc6 2. d4 d5 3. e5 Bf5 4. Bd3 Nxd4 5. Bxf5 Nxf5 6. e6 fxe6 7. Nf3 Qd6 8. O-O
e5 9. b3 e4 10. Ba3 Qf6 11. Qxd5 exf3 12. Qxb7 Rd8 13. Qxf3 Nd4 14. Qh5+ g6 15. Qc5
Nf3+ 16. gxf3 Bh6 17. Re1 Bf4 18. Nc3 Qh4 19. Ne4 Qxh2+ 20. Kf1 Bd6 21. Nxd6+ cxd6
22. Qc6+ Kf8 23. Bb2 e5 24. Qc7 Qh3+ 25. Kg1 Rd7 26. Qc8+ Kg7 27. Qc3 Nf6 28. Rad1
Rf8 29. Rxe5 dxe5 30. Rxd7+ Qxd7 31. Qxe5 Qf5 32. Qe3 Rf7 33. Kg2 Kg8 34. c4 Nh5
35. Qd4 Nf4+ 36. Kf1 Qb1+  0-1

[Event "British Chess Championships 2023: AM Tournament U1900"]
[Site "The Venue, De Montfort University, 20 Western Boulevard, Leicester, LE2 7BU"]
[Date "2023.07.26"]
[Round "3"]
[Board "27"]
[White "Merchant, Steve"]
[Black "Taylor, Robert P"]
[Result "0-1"]
[WhiteElo "1641"]
[BlackElo "1755"]
[PlyCount "0"]
[EventDate "2023.07.24"]
[EventRounds "6"]
[EventCountry "ENG"]

1. d4 d5 2. Nc3 c6 3. Bf4 Nf6 4. e3 g6 5. Bd3 Bg7 6. h4 Nbd7 7. Nf3 h5 8. Ng5 Nf8
9. Be5 N8d7 10. Qf3 O-O 11. O-O-O Nxe5 12. dxe5 Ng4 13. Qe2 Nxe5 14. f3 Nxd3+ 15.
Qxd3 Bf5 16. e4 dxe4 17. Qc4 Qb6 18. g4 hxg4 19. h5 Qe3+ 20. Rd2 Qxg5 21. hxg6 exf3
22. gxf7+ Rxf7 23. Ne4 Qe3 24. Ng3 Be6 25. Qb4 Rd8 26. Nf1 Qg5 27. Rh5 Qxh5 28. Rxd8+
Kh7 29. Rd2 Bh6  0-1

[Event "British Chess Championships 2023: AM Tournament U1900"]
[Site "The Venue, De Montfort University, 20 Western Boulevard, Leicester, LE2 7BU"]
[Date "2023.07.26"]
[Round "3"]
[Board "28"]
[White "Mathur, Pranav"]
[Black "Daly, Grant"]
[Result "1-0"]
[WhiteElo "1662"]
[BlackElo "1596"]
[PlyCount "0"]
[EventDate "2023.07.24"]
[EventRounds "6"]
[EventCountry "ENG"]

1. d4 Nf6 2. Nf3 d5 3. Bf4 e6 4. Nbd2 c5 5. c3 Bd6 6. Bg3 Nc6 7. e3 O-O 8. Bd3 b6
9. e4 dxe4 10. Nxe4 Nxe4 11. Bxe4 Bb7 12. dxc5 Bxc5 13. Qa4 Na5 14. Rd1 Qe7 15. Rd7
Qxd7 16. Qxd7 Bxe4 17. b4 Rfd8 18. Qa4 Nc4 19. bxc5 Rd1+ 20. Qxd1  1-0

[Event "British Chess Championships 2023: AM Tournament U1900"]
[Site "The Venue, De Montfort University, 20 Western Boulevard, Leicester, LE2 7BU"]
[Date "2023.07.26"]
[Round "3"]
[Board "29"]
[White "Matthew, Ian G"]
[Black "Collins, Nigel"]
[Result "1/2-1/2"]
[WhiteElo "1745"]
[BlackElo "1496"]
[PlyCount "0"]
[EventDate "2023.07.24"]
[EventRounds "6"]
[EventCountry "ENG"]

1. e4 c5 2. Nf3 d6 3. d4 cxd4 4. Nxd4 Nf6 5. Nc3 a6 6. f4 e5 7. Nf3 Nbd7 8. Bd3 Qc7
9. O-O Be7 10. Kh1 O-O 11. Nd5 Nxd5 12. exd5 Nf6 13. Be2 b5 14. fxe5 dxe5 15. Bg5
Bb7 16. c4 bxc4 17. Rc1 Qd6 18. Bxf6 Bxf6 19. Bxc4 Rfd8 20. Rf2 Rd7 21. Re2 Rad8
22. Qb3 Bxd5 23. Bxd5 Qxd5 24. Qxd5 Rxd5 25. h3 a5 26. g4 h6 27. Kg2 Re8 28. Nd2
Bg5 29. Rc2 Bxd2 30. Rcxd2 Rxd2 31. Rxd2 f6 32. Kf3 Kf7 33. Ke4 Ke6 34. Rd5 Ra8 35.
Rb5 a4  1/2-1/2

[Event "British Chess Championships 2023: AM Tournament U1900"]
[Site "The Venue, De Montfort University, 20 Western Boulevard, Leicester, LE2 7BU"]
[Date "2023.07.27"]
[Round "4"]
[Board "1"]
[White "Honey, Luke"]
[Black "Horlock, Peter J"]
[Result "1-0"]
[WhiteElo "1897"]
[BlackElo "1628"]
[PlyCount "0"]
[EventDate "2023.07.24"]
[EventRounds "6"]
[EventCountry "ENG"]

1. e4 e5 2. Nf3 Nc6 3. d4 exd4 4. Bc4 d6 5. Nxd4 Ne5 6. Bb3 Nf6 7. O-O c5 8. Ba4+
Bd7 9. Nb5 Qb6 10. f4 Bxb5 11. fxe5 dxe5 12. Bxb5+ Qxb5 13. Nc3 Qc6 14. Qf3 O-O-O
15. Qf5+ Qe6 16. Bg5 Rd6 17. Bxf6 Qxf5 18. Rxf5 gxf6 19. Nd5 Bg7 20. c4 b6 21. Kf2
h5 22. Ke2 Kb7 23. Raf1 Rh6 24. R1f2 Kb8 25. Kf3 Kb7 26. Kg3 Rg6+ 27. Kh3 Rg4 28.
Rxh5 Rxe4 29. Rh7 Rxc4 30. Nc3 f5 31. Rxg7 Rh6+ 32. Kg3 Rg6+ 33. Rxg6 fxg6 34. Re2
Rg4+ 35. Kf3 Rf4+ 36. Ke3 Rh4 37. g3 Rh7 38. Kf3 e4+ 39. Kf4 Re7 40. g4 Rf7 41. gxf5
gxf5 42. h4 Rh7 43. Rh2 Rh5 44. Nd5 Rh7 45. h5 Kc6 46. Nf6 Re7 47. h6  1-0

[Event "British Chess Championships 2023: AM Tournament U1900"]
[Site "The Venue, De Montfort University, 20 Western Boulevard, Leicester, LE2 7BU"]
[Date "2023.07.27"]
[Round "4"]
[Board "2"]
[White "Vyas, Alisha"]
[Black "Reghu, Jyothika Ullukaranparambil"]
[Result "1-0"]
[WhiteElo "1878"]
[BlackElo "1833"]
[PlyCount "0"]
[EventDate "2023.07.24"]
[EventRounds "6"]
[EventCountry "ENG"]

1. e4 Nf6 2. e5 Nd5 3. d4 d6 4. Bc4 c6 5. Nf3 g6 6. Qe2 Bg7 7. O-O O-O 8. h3 h6 9.
Re1 Be6 10. Bd2 Nd7 11. Bd3 dxe5 12. Nxe5 Nxe5 13. dxe5 Qc7 14. Na3 Rad8 15. Rad1
a5 16. c3 Nb6 17. b3 a4 18. Nc4 axb3 19. axb3 Nd7 20. f4 b5 21. Ne3 Bxb3 22. Rb1
Nc5 23. Bc2 Bxc2 24. Nxc2 Nd3 25. Rf1 Rd7 26. Nd4 Nc5 27. Be3 Rfd8 28. Qf3 Rd5 29.
f5 g5 30. f6 exf6 31. exf6 Bf8 32. Nf5 Re8 33. Rbe1 Qd7 34. g4 Nd3 35. Re2 Ne5 36.
Qg3 Ng6 37. Rfe1 Re6 38. Bd4 Rxe2 39. Rxe2 Nf4 40. Re1 c5 41. Ne7+ Kh8 42. Nxd5 Nxd5
43. Be5 c4 44. Rd1 Qe6 45. Bd4 Bd6 46. Qf3 Nf4 47. Be3 Kh7 48. Bxf4 gxf4 49. Kg2
Qxf6 50. Qe4+ Kg7 51. Rd5 f3+ 52. Qxf3 Qe6 53. Rxb5 Qe1 54. Rb2 Qe5 55. Kf1 Qg5 56.
Rf2 Qg6 57. Qd5 Bg3 58. Re2 Qf6+ 59. Kg2 Qxc3 60. Qf3 Qxf3+ 61. Kxf3 Bd6 62. Rc2
f6 63. Rxc4 Be5 64. Rc8 Kg6 65. Rc6 h5 66. Re6 h4 67. Rxe5 fxe5 68. Ke4 Kf6 69. Kd5
Kg6 70. Kxe5 Kg5 71. Ke4 Kf6 72. Kd5 Kg6 73. Ke6 Kg5 74. Ke5 Kg6 75. Kf4 Kf6 76.
g5+ Kg6 77. Kg4 Kg7 78. Kxh4  1-0

[Event "British Chess Championships 2023: AM Tournament U1900"]
[Site "The Venue, De Montfort University, 20 Western Boulevard, Leicester, LE2 7BU"]
[Date "2023.07.27"]
[Round "4"]
[Board "3"]
[White "Coward, Neil"]
[Black "Gartside, Carl"]
[Result "0-1"]
[WhiteElo "1800"]
[BlackElo "1895"]
[PlyCount "0"]
[EventDate "2023.07.24"]
[EventRounds "6"]
[EventCountry "ENG"]

1. e4 c5 2. d4 cxd4 3. c3 Nf6 4. e5 Nd5 5. cxd4 d6 6. Nf3 Nc6 7. Nc3 dxe5 8. Nxd5
Qxd5 9. dxe5 Qxd1+ 10. Kxd1 Bg4 11. Bf4 O-O-O+ 12. Ke1 e6 13. a3 h6 14. h3 Bf5 15.
Rd1 Bc5 16. Rc1 Bb6 17. Bb5 Be4 18. Ke2 Kb8 19. Bxc6 Bxc6 20. Rhd1 Bc7 21. Rxd8+
Rxd8 22. Rd1 Rxd1 23. Kxd1 Bxf3+ 24. gxf3 b5 25. Kc2 Kb7 26. Kd3 Kc6 27. b4 Kd5 28.
Be3 Bxe5 29. Bxa7 Bd6 30. Bd4 g6 31. Bg7 Bf4 32. Bd4 Bc1 33. Be3 Bxe3 34. fxe3 f6
35. Kc3 g5 36. Kb3 h5 37. a4 bxa4+ 38. Kxa4 f5 39. b5 g4 40. fxg4 hxg4 41. h4 g3
 0-1

[Event "British Chess Championships 2023: AM Tournament U1900"]
[Site "The Venue, De Montfort University, 20 Western Boulevard, Leicester, LE2 7BU"]
[Date "2023.07.27"]
[Round "4"]
[Board "4"]
[White "Tomy, Jeff"]
[Black "Dean, Robert A"]
[Result "0-1"]
[WhiteElo "1791"]
[BlackElo "1820"]
[PlyCount "0"]
[EventDate "2023.07.24"]
[EventRounds "6"]
[EventCountry "ENG"]

1. d4 d5 2. Nf3 Nf6 3. c4 c6 4. g3 dxc4 5. a4 e6 6. Bg2 Bb4+ 7. Bd2 Bxd2+ 8. Nbxd2
b5 9. O-O Bb7 10. e4 O-O 11. e5 Nd5 12. Ne4 Qb6 13. Nd6 Nd7 14. Ng5 h6 15. Nge4 a6
16. Bh3 Rad8 17. Re1 Ba8 18. Qh5 Qxd4 19. Nxf7 Rxf7 20. Bxe6 Nxe5 21. Bxf7+ Nxf7
22. Re2 Nf6 23. Nxf6+ Qxf6 24. Rae1 Rf8 25. Qc5 Ng5 26. Rd1 Qf3 27. Red2 Nh3+ 28.
Kf1 Qh1+ 29. Ke2 Re8+ 30. Qe3 Rxe3+ 31. Kxe3 Qxh2 32. Rd8+ Kh7 33. R1d2 Ng5 34. Rxa8
Qh1 35. Re8 Qf3+ 36. Kd4 Qd5+ 37. Ke3 Qc5+ 38. Ke2 c3 39. bxc3 Qxc3 40. axb5 axb5
41. Re3 Qc4+ 42. Ke1 Ne4 43. Rd1 Qc2 44. Re2 Qxd1+ 45. Kxd1 Nc3+ 46. Kd2 Nxe2 47.
Kxe2 Kg6 48. f3 Kf6 49. Kd3 Ke5 50. Kc3 c5 51. Kd3 g5 52. Kc3 h5 53. Kd3 h4 54. f4+
Kf5 55. fxg5 hxg3 56. Ke3 Kxg5 57. Kf3 Kh4 58. Kg2 b4 59. Kf3 b3 60. Kg2  0-1